00605nam a22001937a 4500003000500000005001700005008004100022010001000063011001000073035001000083040000900093082001400102110005900116245012100175260003900296300001000335650003600345650003000381CHAP20220817041618.0971013s1984 r 00010 d a19698 a20670 a24758 cCHAP a551.5bC4 aCentro Internacional de Mejoramiento de Maíz y Trigo aCompendium of selected meteorological data for the El Batanb: Poza Rica, Tlaltizapan and Toluca experiment stations aMéxico, D.F. :bEl Centro,c1984 a94 p.14aMeteorologíaxMéxico (Edo.)14aMeteorologíaxVeracruz.